Stolen words
| Titel: | Stolen words : the Nazi plunder of Jewish books / Mark Glickman |
|---|---|
| Verfasser: | |
| Veröffentlicht: | Philadelphia : The Jewish Publication Society, [2016] |
| Umfang: | X, 327 Seiten : Illustrationen |
| Format: | Buch |
| Sprache: | Englisch |
| RVK-Notation: |
·
·
·
|
| ISBN: | 0827612087 ; 9780827612082 ; 0827612761 ; 9780827612761 ; 082761277X ; 9780827612778 ; 0827612788 ; 9780827612785 |
| Hinweise zum Inhalt: |
Inhaltsverzeichnis
|
alg: 37741902 001A $00030:21-03-16 001B $01999:09-05-25 $t19:14:00.000 001C $00077:17-07-17 $t10:44:04.000 001D $00030:19-04-16 001U $0utf8 001X $00 002@ $0Aau 002C $aText $btxt $2rdacontent 002D $aohne Hilfsmittel zu benutzen $bn $2rdamedia 002E $aBand $bnc $2rdacarrier 003@ $0377419028 003O $0946779047 $aOCoLC 004A $00-8276-1208-7 $A978-0-8276-1208-2 004O $00-8276-1276-1 $A978-0-8276-1276-1 $So $fepub 004O $00-8276-1277-X $A978-0-8276-1277-8 $So $fmobi 004O $00-8276-1278-8 $A978-0-8276-1278-5 $So $fpdf 006G $01105421627 006H $0TOCNEUA1638 $2DNB 006U $017,A11 $f20160704 007A $0377419028 $aHEB 007G $0DE0067D8DD686057918E0C1257F9B004133A1 009P $qapplication/pdf $A2 $3Inhaltsverzeichnis $uhttp://scans.hebis.de/HEBCGI/show.pl?37741902_toc.pdf $mV:DE-603;B:DE-30 010@ $aeng 010E $erda 011@ $a2016 $n[2016] 021A $aStolen words $dthe Nazi plunder of Jewish books $hMark Glickman 028A $BVerfasser $#Glickman, Mark Steven $#Glickman, Mark S. $#Glickman, M. S. $#Glickman, M. $4aut $7108093426X $8Glickman, Mark$Z1963- [Tp3] $9368255905 033A $pPhiladelphia $nThe Jewish Publication Society 034D $aX, 327 Seiten 034M $aIllustrationen 039U $8--Oou--Lenhard, Philipp$Z1980- [Tp1]. [Mark Glickman: Stolen Words], 2017 $9495607339 041A $RJudentum $RIsraeliten $RStämme Israels $#Jude $74028808-0 $8Juden [Ts1] $9085075922 041A/01 $RBibliothek $#Private libraries $#Bibliothèques privées $#Biblioteche private $#Bibliotecas privadas $#Privatbibliotheken $#Private Bibliothek $74047289-9 $8Privatbibliothek [Ts1] $9085131873 041A/02 $REigentumsentziehung $RKonfiskation $REnteignender Eingriff $REnteignungsgleicher Eingriff $RMaterielle Enteignung $#Eminent domain $#Expropriation $#Espropriazione $#Expropiación forzosa $#expropriation $#Enteignung $#Enteignung $#Enteignung $#Enteignung $#Enteignung ausländischen Eigentums $#Enteignungsrecht $#Expropriation $74014843-9 $8Enteignung [Ts1] $9085033626 041A/03 $RNationalsozialismus $#Germany History 1933-1945 $#Politique et gouvernement Allemagne 1933-1945 $#Alemania Historia 1933-1945 $#Drittes Reich $74013021-6 $8Drittes Reich [Ts1] $9085028568 041A/04 $#Cultural property Repatriation $#Patrimoine culturel Restitution $#Patrimonio cultural Restitución $#Restitution $#Rückgabe Kulturpolitik $#Rückführung Kulturpolitik $#Kulturrestitution $74322105-1 $8Restitution$gKulturpolitik [Ts1] $9086777335 044K $RFaschismus $RDrittes Reich $#National socialism $#National-socialisme $#Nazionalsocialismo $#Nacionalsocialismo $#National Socialism $#Faschismus $#Nationalsozialismus $#NS $74041316-0 $8Nationalsozialismus [Tsz] $908511314X 044K $RDruckwerk $RLiteratur $#Books and reading $#Books $#Livres et lecture $#Livres $#Libri $#Libros $#Buch $#Buch $#Buch $#Buchwesen $#Bücher $74008570-3 $8Buch [Ts1] $9085014990 044K $#Pillage $#Pillage $#Saccheggi $#Plünderungen $74201732-4 $8Plünderung [Ts1] $9086021117 044K $#Book burning $#Autodafés de livres $#Rogo di libri $#Quema de libros $#Buch Verbrennung $74134544-7 $8Bücherverbrennung [Ts1] $9085492949 045E $c020 045F $a909.049240909044 $eDDC23BSB 045F/01 $a909.04924 045F/03 $f09044 045F/03 $f0904 045R $aGeschichte 1945-2000 045Z $8LH 60180 [Tkv] $9409889962 045Z $8NQ 2360 [Tkv] $9410912263 045Z $8NQ 6175 [Tkv] $9410916749 045Z $8AN 59800 [Tkv] $9407278478 lok: 37741902 3 101B $003-05-16 $t10:07:37.000 101C $019-04-16 101U $0utf8 144Z/20 $aj16mai 145S/01 $a770 145Z/01 $a900 T 100 De 5290 Kultur 145Z/02 $a900 T 100 De 5593 exp: 37741902 3 1 #EPN 201B/01 $019-04-16 $t15:36:19.000 201C/01 $021-03-16 201U/01 $0utf8 203@/01 $0770121535 208@/01 $a19-04-16 $bzAa 209A/01 $a90.678.89 $du $f000 $h90 678 89 $x00 209G/01 $a90678892 $x00 247C/01 $8601000-3 <30>Frankfurt, Universitätsbibliothek J. C. Senckenberg, Zentralbibliothek (ZB) $9102598258 lok: 37741902 23 exp: 37741902 23 1 #EPN 201B/01 $025-10-24 $t11:56:42.000 201C/01 $022-03-17 201U/01 $0utf8 203@/01 $0803379463 208@/01 $a12-04-17 $bz 209A/01 $a35 NQ 2360 G559 $du $f030 $hNQ 2360 G559 $x00 209G/01 $a27876730 $x00 247C/01 $8352030-4 <34/30>Kassel, UB Kassel, Standort Brüder-Grimm-Platz, Landesbibliothek und Murhardsche Bibliothek der Stadt Kassel $9102599475 lok: 37741902 25 101B $029-06-17 $t11:02:37.000 101C $029-06-17 101U $0utf8 145S/01 $a420zb exp: 37741902 25 1 #EPN 201B/01 $017-07-17 $t10:44:04.000 201C/01 $029-06-17 201U/01 $0utf8 203@/01 $01002909783 208@/01 $a17-07-17 $bzu 209A/01 $a281.159 $du $f000 $x00 209G/01 $a17536976 $x00 209G/01 $aFREIHAND $x01 247C/01 $8651000-0 <77>Mainz, Universität Mainz, Zentralbibliothek $9102599602 lok: 37741902 78 exp: 37741902 78 1 #EPN 201B/01 $013-06-22 $t15:41:38.000 201C/01 $013-06-22 201U/01 $0utf8 203@/01 $01203468075 208@/01 $a13-06-22 $be 209A/01 $a/ $f000 $x00 209A/01 $ab*p $x01 220C/01 $apgar 244Z/01 $#Ostmitteleuropa $#Ostmitteleuropa $#Mitteleuropa, Ost $#Central Europe Ostmitteleuropa $#Mittelosteuropa $74075753-5 $8--Tg1--Ostmitteleuropa $x01 $9085214485 244Z/01 $#Litauen $#Litauen $#Litauen $#Lithuania $#Lietuvos Respublika $#République Lithuanienne $#Lithuanie $#Litva 1918 - 1940, 1991, 9 - $#Litovskaja Respublika $#Lithuania 1918 - 1940, 1991, 9 - $#Republik Litauen $#Republic of Lithuania $#Lithuanian Republic $#Litauische Republik $#Lietuva $#Litwa $74074266-0 $8--Tg1--Litauen $x02 $9085209074 247C/01 $82080>Marburg/Lahn, Herder-Institut, Forschungsbibliothek, Bibliographieportal $9336309341 lok: 37741902 204 exp: 37741902 204 1 #EPN 201B/01 $021-04-17 $t13:51:32.000 201C/01 $024-03-17 201U/01 $0utf8 203@/01 $080350151X 208@/01 $a12-04-17 $bzUB 209A/01 $a000 NQ 2360 G559 $du $f000 $x00 209G/01 $a62236736 $x00 245S/01 $a84000 $x01 247C/01 $8631000-x <26>Gießen, Universität Gießen, Universitätsbibliothek Gießen $9102596697
| LEADER | 00000cam a2200000 c 4500 | ||
|---|---|---|---|
| 001 | 377419028 | ||
| 003 | DE-603 | ||
| 005 | 20250509191400.0 | ||
| 007 | tu | ||
| 008 | 160321s2016 xx |||| | u00||u|eng | ||
| 015 | |a 17,A11 |2 dnb | ||
| 016 | 7 | |2 DE-101 |a 1105421627 | |
| 020 | |a 0827612087 | ||
| 020 | |a 9780827612082 | ||
| 035 | |a (DE-599)HEB377419028 | ||
| 035 | |a (OCoLC)946779047 | ||
| 040 | |a DE-603 |b ger |c DE-603 |d DE-603 |e rda | ||
| 041 | |a eng | ||
| 082 | 0 | 4 | |8 1\u |a 909.049240909044 |q DE-101 |2 23/BSB |
| 084 | |a 020 |q DE-101 |2 sdnb | ||
| 084 | |a LH 60180 |0 (DE-625)94174: |0 (DE-603)409889962 |2 rvk | ||
| 084 | |a NQ 2360 |0 (DE-625)128255: |0 (DE-603)410912263 |2 rvk | ||
| 084 | |a NQ 6175 |0 (DE-625)128703: |0 (DE-603)410916749 |2 rvk | ||
| 084 | |a AN 59800 |0 (DE-625)6189: |0 (DE-603)407278478 |2 rvk | ||
| 085 | |8 1\u |b 909.04924 | ||
| 085 | |8 1\u |z 1 |s 09044 | ||
| 085 | |8 1\u |z 1 |s 0904 | ||
| 100 | 1 | |a Glickman, Mark |d 1963- |e Verfasser |4 aut |0 (DE-603)368255905 |0 (DE-588)108093426X |2 gnd | |
| 245 | 0 | 0 | |a Stolen words |b the Nazi plunder of Jewish books |c Mark Glickman |
| 264 | 1 | |a Philadelphia |b The Jewish Publication Society |c [2016] | |
| 300 | |a X, 327 Seiten |b Illustrationen | ||
| 336 | |a Text |b txt |2 rdacontent | ||
| 337 | |a ohne Hilfsmittel zu benutzen |b n |2 rdamedia | ||
| 338 | |a Band |b nc |2 rdacarrier | ||
| 648 | 7 | |a Geschichte 1945-2000 |2 gnd | |
| 650 | 7 | |a Juden |0 (DE-588)4028808-0 |0 (DE-603)085075922 |2 gnd | |
| 650 | 7 | |a Privatbibliothek |0 (DE-588)4047289-9 |0 (DE-603)085131873 |2 gnd | |
| 650 | 7 | |a Enteignung |0 (DE-588)4014843-9 |0 (DE-603)085033626 |2 gnd | |
| 650 | 7 | |a Drittes Reich |0 (DE-588)4013021-6 |0 (DE-603)085028568 |2 gnd | |
| 650 | 7 | |a Restitution |g Kulturpolitik |0 (DE-588)4322105-1 |0 (DE-603)086777335 |2 gnd | |
| 650 | 7 | |a Nationalsozialismus |0 (DE-588)4041316-0 |0 (DE-603)08511314X |2 gnd | |
| 650 | 7 | |a Buch |0 (DE-588)4008570-3 |0 (DE-603)085014990 |2 gnd | |
| 650 | 7 | |a Plünderung |0 (DE-588)4201732-4 |0 (DE-603)086021117 |2 gnd | |
| 650 | 7 | |a Bücherverbrennung |0 (DE-588)4134544-7 |0 (DE-603)085492949 |2 gnd | |
| 776 | 1 | |z 0827612761 | |
| 776 | 1 | |z 9780827612761 | |
| 776 | 1 | |z 082761277X | |
| 776 | 1 | |z 9780827612778 | |
| 776 | 1 | |z 0827612788 | |
| 776 | 1 | |z 9780827612785 | |
| 787 | 0 | 8 | |i Rezensiert in |a Lenhard, Philipp, 1980- |t [Mark Glickman: Stolen Words] |w (DE-603)495607339 |
| 856 | 4 | 2 | |m V:DE-603;B:DE-30 |q application/pdf |u http://scans.hebis.de/HEBCGI/show.pl?37741902_toc.pdf |3 Inhaltsverzeichnis |
| 924 | 0 | |9 30 |a (DE-603)770121535 |b DE-30 |c HES |d c |g 90.678.89 | |
| 924 | 0 | |9 34/30 |a (DE-603)803379463 |b DE-34-30 |c HES |d c |g 35 NQ 2360 G559 | |
| 924 | 0 | |9 77 |a (DE-603)1002909783 |b DE-77 |c HES |d c |g 281.159 |h FREIHAND | |
| 924 | 0 | |9 2080 |a (DE-603)1203468075 |b DE-2080 |c HES |d d |g / | |
| 924 | 0 | |9 26 |a (DE-603)80350151X |b DE-26 |c HES |d c |g 000 NQ 2360 G559 | |


